| 000 | 00741nam a2200265 u 4500 | ||
|---|---|---|---|
| 003 | UPN | ||
| 005 | 20240322133644.0 | ||
| 008 | 190918t2002 sp a ar 000 1 spa d | ||
| 020 | _a9788426347374 | ||
| 035 | _aUPN01000232924 | ||
| 040 |
_aMX-MxUPN _bspa _cMX-MxUPN |
||
| 041 | _aspa | ||
| 050 | 4 |
_aPN1525 _bF54 2002 |
|
| 100 | 1 |
_aFiguerola, Mercedes _942895 |
|
| 245 | 1 | 0 | _aCinco lobitos |
| 260 |
_aZaragoza : _bEdelvives, _c©2002. |
||
| 300 |
_a[10] páginas : _bilustraciones |
||
| 490 | 0 |
_aDeditos ; _v1 |
|
| 650 | 4 |
_910247 _aRimas infantiles |
|
| 700 | 1 |
_943135 _aAlonso Díaz-Toledo, Juan Ramón, _d1951- _eilustración |
|
| 902 | _bMaríaRobles/220324 | ||
| 905 | _aInfantil | ||
| 942 |
_n0 _2lcc _cLIBRO |
||
| 999 |
_c205019 _d205019 |
||